| 000 | 00749cam a22002413a 4500 | ||
|---|---|---|---|
| 001 | 36131 | ||
| 003 | PGUSA | ||
| 005 | 20140828083759.0 | ||
| 008 | 110517s2011||||xxu|||||s|||||000 | eng d | ||
| 040 |
_aPGUSA _beng |
||
| 042 | _adc | ||
| 050 | 4 | _aAP | |
| 245 | 1 | 4 |
_aThe International Monthly, Volume 3, No. 3, June, 1851 _h[electronic resource] / _cVarious |
| 260 |
_bProject Gutenberg, _c2011 |
||
| 506 | _aPublic domain in the USA. | ||
| 516 | _aElectronic text | ||
| 653 | _aArt, Modern -- 19th century -- Periodicals | ||
| 653 | _aLiterature, Modern -- 19th century -- Periodicals | ||
| 653 | _aScience -- History -- Periodicals | ||
| 830 | 0 |
_aProject Gutenberg _v36131 |
|
| 856 | 4 | 0 | _uhttp://www.gutenberg.org/ebooks/36131 |
| 942 | _cEB | ||
| 999 |
_c265386 _d265386 |
||